000
00290nam a2200109Ia 4500
005
20251222143233.0
008
251222s9999||||xx |||||||||||||| ||spa||
082
_a
509.85/I49
245
0
_a
Indicadores de Ciencia, Tecnología e Innovación Tecnológica:
264
_b
CONCYTEC
942
_c
LIB
999
_c
14288
_d
14288